[Event "RUS-chT U20"]
[Site "Rybinsk"]
[Date "2010.08.02"]
[Round "1"]
[White "Loskutov, Sviatoslav"]
[Black "Kotov, Dmitry"]
[Result "1-0"]
[WhiteElo "2132"]
[BlackElo "2103"]
[PlyCount "55"]
[EventDate "2010.08.02"]
[EventType "team-swiss"]
[EventRounds "9"]
[EventCountry "RUS"]
[SourceTitle "EXT 2011"]
[Source "ChessBase"]
[SourceDate "2010.11.26"]
[SourceVersion "1"]
[SourceVersionDate "2010.11.26"]
[SourceQuality "1"]

1. e4 c5 2. Nf3 Nc6 3. d4 cxd4 4. Nxd4 Nf6 5. Nc3 e5 6. Ndb5 d6 7. Nd5 Nxd5 8. exd5 Nb8 9. c4 Nd7 10. Bd3 Be7 11. Be3 Nf6 12. 0-0 0-0 13. Nxa7 Ng4 14. Nxc8 Qxc8 15. Bd2 f5 16. h3 Nf6 17. b4 e4 18. Be2 Nd7 19. Qb3 Kh8 20. Rac1 Ne5 21. f4 exf3 22. Bxf3 g5 23. Bc3 Bf6 24. Bxe5 Bxe5 25. c5 Bd4+ 26. Kh1 dxc5 27. bxc5 Bxc5 28. Qc3+ 1-0

[Event "Novosibirsk Fakel"]
[Site "Novosibirsk"]
[Date "2010.02.22"]
[Round "11"]
[White "Kotov, Dmitry"]
[Black "Kuzmin, Sergei"]
[Result "1/2-1/2"]
[WhiteElo "2110"]
[BlackElo "2098"]
[PlyCount "83"]
[EventDate "2010.02.07"]
[EventType "tourn"]
[EventRounds "11"]
[EventCountry "RUS"]
[SourceTitle "EXT 2011"]
[Source "ChessBase"]
[SourceDate "2010.11.26"]
[SourceVersion "1"]
[SourceVersionDate "2010.11.26"]
[SourceQuality "1"]

1. e4 c6 2. d3 d5 3. Nd2 e5 4. Ngf3 Bd6 5. h3 Nf6 6. g3 0-0 7. Bg2 Re8 8. 0-0 Na6 9. Re1 Qc7 10. c3 Nc5 11. Qc2 a5 12. Nh2 b6 13. Ndf1 Ba6 14. c4 dxe4 15. dxe4 Ne6 16. Nf3 Bc5 17. Be3 Rad8 18. Red1 h6 19. a3 Bxe3 20. Nxe3 Nd4 21. Nxd4 exd4 22. Nf5 c5 23. f4 Bb7 24. e5 Bxg2 25. Qxg2 Nd7 26. Nd6 Re6 27. Rd3 Nxe5 28. fxe5 Rxe5 29. Nb5 Qe7 30. Rf1 Re8 31. Rd2 Re3 32. Rdf2 Qe5 33. Rf3 Re2 34. R1f2 Re1+ 35. Kh2 Re7 36. Rf5 Qe4 37. Qxe4 R1xe4 38. Kg2 f6 39. R5f3 Re1 40. Rf1 R1e2+ 41. R3f2 R2e6 42. Rf3 1/2-1/2

[Event "Novosibirsk Fakel"]
[Site "Novosibirsk"]
[Date "2010.02.20"]
[Round "9"]
[White "Rodionova, Daria"]
[Black "Kotov, Dmitry"]
[Result "1-0"]
[WhiteElo "1809"]
[BlackElo "2110"]
[PlyCount "59"]
[EventDate "2010.02.07"]
[EventType "tourn"]
[EventRounds "11"]
[EventCountry "RUS"]
[SourceTitle "EXT 2011"]
[Source "ChessBase"]
[SourceDate "2010.11.26"]
[SourceVersion "1"]
[SourceVersionDate "2010.11.26"]
[SourceQuality "1"]

1. e4 d5 2. exd5 Qxd5 3. Nc3 Qd6 4. d4 Nf6 5. Nf3 a6 6. Be2 b5 7. a3 Bb7 8. 0-0 e6 9. Qd3 Be7 10. Bg5 0-0 11. Bxf6 Bxf6 12. Ne4 Bxe4 13. Qxe4 Nd7 14. Rad1 Rfd8 15. Rfe1 c6 16. Bd3 h6 17. Ne5 Bxe5 18. dxe5 Qc7 19. Qh7+ Kf8 20. Qh8+ Ke7 21. Qxg7 Rg8 22. Qxh6 Raf8 23. Qh4+ Ke8 24. Bf1 Rh8 25. Qd4 Rfg8 26. Qd6 Qb7 27. Rd2 Kd8 28. Red1 Kc8 29. Qxd7+ Qxd7 30. Rxd7 1-0

[Event "Nizhnij Novgorod-ch HL"]
[Site "Nizhnij Novgorod"]
[Date "2009.11.14"]
[Round "?"]
[White "Chizhevskaja, Jana"]
[Black "Kotov, Dmitry"]
[Result "0-1"]
[WhiteElo "1679"]
[BlackElo "2136"]
[PlyCount "111"]
[EventDate "2009.11.14"]
[EventType "swiss"]
[EventRounds "9"]
[EventCountry "RUS"]
[SourceTitle "EXT 2022"]
[Source "ChessBase"]
[SourceDate "2021.10.06"]
[SourceVersion "1"]
[SourceVersionDate "2021.10.06"]
[SourceQuality "1"]

1. e4 c6 2. d4 d5 3. Nd2 dxe4 4. Nxe4 Nd7 5. Ng5 Ngf6 6. Bd3 e6 7. N1f3 Bd6 8. Qe2 h6 9. Ne4 Nxe4 10. Qxe4 Nf6 11. Qe2 Qc7 12. Bd2 b6 13. c4 Bb7 14. 0-0-0 0-0-0 15. Kb1 c5 16. dxc5 Qxc5 17. Bc3 Qh5 18. h3 Rhe8 19. Bxf6 gxf6 20. Be4 Bxe4+ 21. Qxe4 Qg6 22. Nd2 Bc5 23. Qxg6 fxg6 24. f3 f5 25. Nb3 Bf2 26. Kc2 e5 27. Rxd8+ Kxd8 28. Rd1+ Ke7 29. Rd2 Be3 30. Re2 Bf4 31. Nd2 Rc8 32. Kd3 Ke6 33. Nf1 Rd8+ 34. Kc3 h5 35. b4 Bh6 36. Ne3 e4 37. Nd5 Ke5 38. g3 g5 39. a4 Rf8 40. Nc7 Bg7 41. Nb5 Rd8 42. fxe4 a6 43. Na3 fxe4 44. Re3 h4 45. Kc2 Rf8 46. c5 bxc5 47. bxc5 Rf2+ 48. Kd1 Kd4 49. Re2 Rf1+ 50. Kd2 hxg3 51. c6 Rf6 52. Nc2+ Ke5 53. Rg2 Kf4 54. Nb4 Kf3 55. c7 Rf8 56. Re2 0-1

[Event "Vladimir op-B"]
[Site "Vladimir"]
[Date "2009.08.26"]
[Round "7"]
[White "Kotov, Dmitry"]
[Black "Ryzhov, Vladimir1111"]
[Result "1-0"]
[WhiteElo "2129"]
[BlackElo "2246"]
[PlyCount "93"]
[EventDate "2009.08.19"]
[EventType "swiss"]
[EventRounds "9"]
[EventCountry "RUS"]
[SourceTitle "EXT 2012"]
[Source "ChessBase"]
[SourceDate "2011.11.24"]
[SourceVersion "1"]
[SourceVersionDate "2011.11.24"]
[SourceQuality "1"]

1. e4 c5 2. Nf3 Nc6 3. d4 cxd4 4. Nxd4 e5 5. Nb5 d6 6. N1c3 a6 7. Na3 b5 8. Nd5 Nge7 9. c4 Nd4 10. Be3 Nxd5 11. cxd5 Be7 12. Bd3 f5 13. 0-0 0-0 14. Bxd4 exd4 15. exf5 Bb7 16. Nc2 Bf6 17. Be4 Qb6 18. Qd3 Rac8 19. Rad1 Rc4 20. b3 Rc3 21. Qd2 d3 22. Bxd3 Bxd5 23. Ne3 Bb7 24. Be2 Re8 25. Qxd6 Qxd6 26. Rxd6 Bg5 27. Bh5 Rec8 28. Rfd1 Rc1 29. Kf1 Bf4 30. R6d4 Bxe3 31. fxe3 Rxd1+ 32. Rxd1 Be4 33. Ke2 Bxg2 34. Bg4 b4 35. Rd2 Rc1 36. Bf3 Bf1+ 37. Kf2 Kf7 38. Kg3 Rc5 39. Kf4 a5 40. e4 Bb5 41. h4 Bc6 42. Be2 g6 43. Bc4+ Kg7 44. e5 gxf5 45. Kxf5 a4 46. Ke6 a3 47. Kd6 1-0

[Event "Vladimir op-B"]
[Site "Vladimir"]
[Date "2009.08.25"]
[Round "6"]
[White "Karasev, Valery"]
[Black "Kotov, Dmitry"]
[Result "0-1"]
[WhiteElo "1931"]
[BlackElo "2129"]
[PlyCount "118"]
[EventDate "2009.08.19"]
[EventType "swiss"]
[EventRounds "9"]
[EventCountry "RUS"]
[SourceTitle "EXT 2012"]
[Source "ChessBase"]
[SourceDate "2011.11.24"]
[SourceVersion "1"]
[SourceVersionDate "2011.11.24"]
[SourceQuality "1"]

1. e4 c6 2. Nf3 d5 3. exd5 cxd5 4. d4 Nc6 5. Be2 g6 6. 0-0 Bg7 7. c3 Nf6 8. Na3 0-0 9. Nc2 Ne4 10. Nd2 Bf5 11. Ne3 Nxd2 12. Bxd2 Bc8 13. Bf3 e6 14. g3 b6 15. Re1 Re8 16. Bg2 Ba6 17. Qa4 Bb7 18. Qd1 Rc8 19. a3 Na5 20. Bf1 Nc4 21. Bc1 Rc7 22. Rb1 Nd6 23. Ng4 f5 24. Ne5 Nc4 25. Nd3 h6 26. Bf4 Rce7 27. Be5 Nxe5 28. Nxe5 Kh7 29. Bd3 Qc8 30. h4 Ba6 31. Bc2 Bxe5 32. Rxe5 Kg7 33. h5 g5 34. g4 Rf7 35. Qe1 Kf8 36. gxf5 exf5 37. Rxe8+ Qxe8 38. Qxe8+ Kxe8 39. Re1+ Kf8 40. Re5 f4 41. Rxd5 Re7 42. Re5 Rxe5 43. dxe5 Be2 44. Bg6 Ke7 45. Kg2 Ke6 46. f3 Kxe5 47. Kf2 Bd1 48. Be4 g4 49. Bc6 g3+ 50. Ke1 Bb3 51. Bd7 Bf7 52. Bg4 Kd5 53. Kf1 Kc4 54. Bf5 Kb3 55. Bg6 Bc4+ 56. Ke1 Kxb2 57. Bf5 Kxa3 58. Bh3 Kb2 59. Kd2 a5 0-1

[Event "Vladimir op-B"]
[Site "Vladimir"]
[Date "2009.08.22"]
[Round "4"]
[White "Vlassow, Valentin"]
[Black "Kotov, Dmitry"]
[Result "1-0"]
[WhiteElo "2368"]
[BlackElo "2129"]
[PlyCount "155"]
[EventDate "2009.08.19"]
[EventType "swiss"]
[EventRounds "9"]
[EventCountry "RUS"]
[SourceTitle "EXT 2012"]
[Source "ChessBase"]
[SourceDate "2011.11.24"]
[SourceVersion "1"]
[SourceVersionDate "2011.11.24"]
[SourceQuality "1"]

1. d4 d5 2. Bf4 Nf6 3. e3 Bf5 4. c4 c6 5. Qb3 Qb6 6. c5 Qxb3 7. axb3 Nbd7 8. b4 Bxb1 9. Rxb1 a6 10. h3 g6 11. Nf3 Bg7 12. Nd2 Ne4 13. Nb3 e5 14. Bh2 exd4 15. exd4 0-0 16. f3 Ng5 17. Kd2 f5 18. Bd3 Ne6 19. Bd6 Rfe8 20. Kc3 Bf8 21. Bh2 Bg7 22. Bd6 Bf8 23. Rhe1 Bxd6 24. cxd6 Nf4 25. g4 Nxd3 26. Kxd3 fxg4 27. fxg4 Nf6 28. Na5 Rab8 29. Re5 Red8 30. Re7 Rxd6 31. Rxb7 Re8 32. Rf1 Rde6 33. Rc7 Re3+ 34. Kd2 Re2+ 35. Kc1 Rh2 36. Nxc6 Ne4 37. Ne7+ Kh8 38. Rf3 Rh1+ 39. Kc2 Rh2+ 40. Kd1 Rh1+ 41. Ke2 Rh2+ 42. Kd3 Rd2+ 43. Ke3 Rxb2 44. Rc8 Rxc8 45. Nxc8 Rxb4 46. Rf8+ Kg7 47. Rd8 Nf6 48. g5 Rb3+ 49. Kf4 Nh5+ 50. Ke5 Rxh3 51. Rd7+ Kf8 52. Rd8+ Kf7 53. Kxd5 Rg3 54. Rd7+ Ke8 55. Rxh7 Rxg5+ 56. Kc6 Kf8 57. Ra7 Nf6 58. Nd6 Nd5 59. Kd7 Nb6+ 60. Ke6 Nd5 61. Ra8+ Kg7 62. Ra7+ Kf8 63. Rd7 a5 64. Rd8+ Kg7 65. Ne8+ Kh6 66. Rxd5 Rxd5 67. Kxd5 a4 68. Kc4 Kg5 69. d5 Kf5 70. Nd6+ Ke5 71. Kc5 g5 72. Nf7+ Kf5 73. Nxg5 a3 74. Nf3 Ke4 75. Nd2+ Kd3 76. Nb3 Kc3 77. Nc1 Kb2 78. Nd3+ 1-0

[Event "Kostroma Volga Cup op"]
[Site "Kostroma"]
[Date "2009.07.??"]
[Round "3"]
[White "Kotov, Dmitry"]
[Black "Karpov, Vadim"]
[Result "1/2-1/2"]
[WhiteElo "2097"]
[BlackElo "2386"]
[PlyCount "38"]
[EventDate "2009.07.03"]
[EventType "swiss"]
[EventRounds "9"]
[EventCountry "RUS"]
[SourceTitle "EXT 2021"]
[Source "ChessBase"]
[SourceDate "2020.10.23"]
[SourceVersion "1"]
[SourceVersionDate "2020.10.23"]
[SourceQuality "1"]

1. e4 e5 2. Nf3 Nc6 3. Nc3 Nf6 4. d4 exd4 5. Nxd4 Bb4 6. Nxc6 bxc6 7. Bd3 d5 8. exd5 cxd5 9. 0-0 0-0 10. Bg5 Be6 11. Qf3 Be7 12. h3 Re8 13. Rfe1 c6 14. Ne2 h6 15. Bh4 Rb8 16. Nd4 Bd7 17. Nf5 Bxf5 18. Bxf6 Bxd3 19. Rxe7 Rxe7 1/2-1/2

[Event "Kostroma Volga Cup op"]
[Site "Kostroma"]
[Date "2009.07.??"]
[Round "7"]
[White "Kotov, Dmitry"]
[Black "Vavulin, Maksim"]
[Result "1/2-1/2"]
[WhiteElo "2097"]
[BlackElo "1983"]
[PlyCount "95"]
[EventDate "2009.07.03"]
[EventType "swiss"]
[EventRounds "9"]
[EventCountry "RUS"]
[SourceTitle "EXT 2021"]
[Source "ChessBase"]
[SourceDate "2020.10.23"]
[SourceVersion "1"]
[SourceVersionDate "2020.10.23"]
[SourceQuality "1"]

1. e4 e5 2. Nf3 Nc6 3. Nc3 Nf6 4. d4 exd4 5. Nxd4 Bb4 6. Nxc6 bxc6 7. Bd3 d5 8. exd5 cxd5 9. 0-0 0-0 10. Bg5 c6 11. Qf3 Bd6 12. Bxf6 Qxf6 13. Qxf6 gxf6 14. Ne2 Rb8 15. b3 c5 16. Rad1 Bg4 17. f3 Be6 18. Kh1 a5 19. f4 Kh8 20. f5 Bd7 21. Nc3 d4 22. Ne4 Be7 23. Rde1 Rfe8 24. Bc4 Kg7 25. Ng3 Bc6 26. Re2 Kf8 27. Nh5 a4 28. Rfe1 Bd7 29. Rf1 Bc6 30. Kg1 Bd8 31. Rxe8+ Bxe8 32. Bd5 Bd7 33. Ng3 Be7 34. Ne4 Rd8 35. Bc4 Ra8 36. g4 h6 37. h4 Bc6 38. Re1 axb3 39. axb3 Ra2 40. Bd3 Bd5 41. Rf1 Ra7 42. Kf2 Ke8 43. Re1 Kd8 44. Nd2 Bd6 45. Be4 Bf4 46. Bxd5 Bxd2 47. Rd1 Be3+ 48. Kf3 1/2-1/2

[Event "Uljanovsk Privolje op"]
[Site "Uljanovsk"]
[Date "2009.02.05"]
[Round "9"]
[White "Kapustina, Olga"]
[Black "Kotov, Dmitry"]
[Result "1/2-1/2"]
[WhiteElo "2052"]
[BlackElo "2129"]
[PlyCount "68"]
[EventDate "2009.01.31"]
[EventType "swiss"]
[EventRounds "9"]
[EventCountry "RUS"]
[SourceTitle "EXT 2022"]
[Source "ChessBase"]
[SourceDate "2021.10.06"]
[SourceVersion "1"]
[SourceVersionDate "2021.10.06"]
[SourceQuality "1"]

1. b3 d5 2. Bb2 c5 3. e3 Nc6 4. Be2 Nf6 5. Nf3 Bg4 6. Ne5 Nxe5 7. Bxe5 Bxe2 8. Qxe2 e6 9. 0-0 Be7 10. Qb5+ Qd7 11. Qxd7+ Kxd7 12. d3 Bd6 13. Bxd6 Kxd6 14. f3 Rac8 15. c4 Rhd8 16. Nc3 Ke7 17. Rad1 d4 18. exd4 Rxd4 19. Nb5 Rd7 20. Nxa7 Ra8 21. Nb5 Rxa2 22. Rf2 Ra8 23. Re2 Ne8 24. Kf2 Nd6 25. Nxd6 Rxd6 26. Rb2 b5 27. Ke3 Ra3 28. Rdd2 Rd4 29. cxb5 Rb4 30. Rdc2 Rxb5 31. Rc3 e5 32. f4 Ke6 33. fxe5 Kxe5 34. Rc4 Kd5 1/2-1/2

[Event "Uljanovsk Privolje op"]
[Site "Uljanovsk"]
[Date "2009.02.04"]
[Round "7"]
[White "Paushkin, Nikita"]
[Black "Kotov, Dmitry"]
[Result "1-0"]
[WhiteElo "2102"]
[BlackElo "2129"]
[PlyCount "65"]
[EventDate "2009.01.31"]
[EventType "swiss"]
[EventRounds "9"]
[EventCountry "RUS"]
[SourceTitle "EXT 2022"]
[Source "ChessBase"]
[SourceDate "2021.10.06"]
[SourceVersion "1"]
[SourceVersionDate "2021.10.06"]
[SourceQuality "1"]

1. b3 e5 2. Bb2 Nc6 3. e3 d5 4. Be2 Bd6 5. Nf3 Nge7 6. d3 0-0 7. Qd2 Bf5 8. c3 e4 9. dxe4 Bxe4 10. Na3 Ne5 11. Nb5 Nxf3+ 12. gxf3 Bf5 13. Nxd6 Qxd6 14. 0-0-0 a5 15. c4 Qc5 16. Qc3 f6 17. cxd5 Qd6 18. e4 Bg6 19. h4 a4 20. h5 Be8 21. h6 Ng6 22. hxg7 Kxg7 23. Rdg1 axb3 24. Qe3 Kh8 25. axb3 Nf4 26. Kb1 Bg6 27. Rxg6 Nxg6 28. Qh6 Qe7 29. Qxg6 Qg7 30. Qh5 c6 31. e5 cxd5 32. exf6 Qf7 33. Qh6 1-0

[Event "Uljanovsk Privolje op"]
[Site "Uljanovsk"]
[Date "2009.02.03"]
[Round "6"]
[White "Kotov, Dmitry"]
[Black "Galkin, Roman"]
[Result "1-0"]
[WhiteElo "2129"]
[BlackElo "2009"]
[PlyCount "109"]
[EventDate "2009.01.31"]
[EventType "swiss"]
[EventRounds "9"]
[EventCountry "RUS"]
[SourceTitle "EXT 2022"]
[Source "ChessBase"]
[SourceDate "2021.10.06"]
[SourceVersion "1"]
[SourceVersionDate "2021.10.06"]
[SourceQuality "1"]

1. e4 e6 2. d4 d5 3. Nd2 dxe4 4. Nxe4 Nd7 5. Nf3 Ngf6 6. Bd3 Be7 7. Qe2 Nxe4 8. Qxe4 Nf6 9. Qe2 0-0 10. Bg5 c5 11. dxc5 Qa5+ 12. c3 Qxc5 13. Qe5 Qxe5+ 14. Nxe5 Nd5 15. Bxe7 Nxe7 16. 0-0-0 f6 17. Nc4 Nd5 18. Be4 Bd7 19. Bxd5 exd5 20. Ne3 Rae8 21. Nxd5 Bc6 22. Rd2 Re5 23. Rhd1 Rfe8 24. f3 Kf7 25. c4 Rc8 26. Rc2 Bxd5 27. Rxd5 Re7 28. b3 b6 29. Rcd2 Rcc7 30. Kc2 g6 31. a4 f5 32. a5 Rc6 33. axb6 axb6 34. Kc3 h5 35. b4 Re1 36. Rc2 h4 37. h3 Re3+ 38. Rd3 Re5 39. Kb3 g5 40. Rdc3 Ke6 41. c5 bxc5 42. Rxc5 Rexc5 43. Rxc5 Rd6 44. b5 Rd1 45. Rc2 Kd6 46. Kc4 Rb1 47. Rd2+ Kc7 48. Kc5 Rc1+ 49. Kd4 Rb1 50. Rc2+ Kb6 51. Rc6+ Kxb5 52. Rg6 g4 53. fxg4 fxg4 54. Rxg4 Rb2 55. Ke4 1-0

[Event "Uljanovsk Privolje op"]
[Site "Uljanovsk"]
[Date "2009.02.02"]
[Round "4"]
[White "Kotov, Dmitry"]
[Black "Mustafin, Rustam"]
[Result "1-0"]
[WhiteElo "2129"]
[BlackElo "1929"]
[PlyCount "107"]
[EventDate "2009.01.31"]
[EventType "swiss"]
[EventRounds "9"]
[EventCountry "RUS"]
[SourceTitle "EXT 2022"]
[Source "ChessBase"]
[SourceDate "2021.10.06"]
[SourceVersion "1"]
[SourceVersionDate "2021.10.06"]
[SourceQuality "1"]

1. e4 c5 2. Nf3 d6 3. d4 cxd4 4. Nxd4 g6 5. c4 Bg7 6. Nc3 Nf6 7. Be2 0-0 8. Be3 Nc6 9. 0-0 Bd7 10. Rc1 Nxd4 11. Bxd4 Bc6 12. f3 Qa5 13. a3 Qc7 14. b4 b6 15. Qd2 Rfd8 16. Rfd1 Rac8 17. Be3 Qd7 18. Qe1 Qb7 19. Qf1 Qc7 20. Bf4 Nh5 21. Be3 Nf6 22. Bd4 e5 23. Be3 h6 24. Nd5 Bxd5 25. cxd5 Qe7 26. Ba6 Rxc1 27. Rxc1 Rd7 28. Rc8+ Kh7 29. Qc1 Ne8 30. Qc6 Nc7 31. Bd3 h5 32. Bc2 Na6 33. Qc4 Nc7 34. Ba4 b5 35. Bxb5 Nxb5 36. Qxb5 f5 37. exf5 gxf5 38. Qd3 e4 39. Qe2 Kg6 40. Qf2 Rc7 41. fxe4 fxe4 42. Rxc7 Qxc7 43. Qg3+ Kh7 44. Qg5 Qc3 45. Qxh5+ Kg8 46. Qe8+ Bf8 47. Qg6+ Bg7 48. Qe6+ Kh8 49. Qe8+ Kh7 50. Qxe4+ Kg8 51. Kf2 Qf6+ 52. Kg3 Qf8 53. Qe6+ Kh7 54. Bf4 1-0

[Event "Uljanovsk Privolje op"]
[Site "Uljanovsk"]
[Date "2009.02.02"]
[Round "5"]
[White "Shmyrov, Maxim"]
[Black "Kotov, Dmitry"]
[Result "1/2-1/2"]
[WhiteElo "1945"]
[BlackElo "2129"]
[PlyCount "109"]
[EventDate "2009.01.31"]
[EventType "swiss"]
[EventRounds "9"]
[EventCountry "RUS"]
[SourceTitle "EXT 2022"]
[Source "ChessBase"]
[SourceDate "2021.10.06"]
[SourceVersion "1"]
[SourceVersionDate "2021.10.06"]
[SourceQuality "1"]

1. e4 c6 2. d4 d5 3. e5 Bf5 4. g4 Bg6 5. h4 h5 6. gxh5 Bxh5 7. Be2 Bxe2 8. Qxe2 e6 9. Nf3 Nh6 10. Bg5 Be7 11. Nc3 Nf5 12. 0-0-0 Nd7 13. Bxe7 Qxe7 14. h5 0-0-0 15. Qd2 Rh6 16. Qg5 f6 17. Qg4 Rdh8 18. Ne2 g6 19. Nf4 gxh5 20. Rxh5 fxe5 21. dxe5 Rxh5 22. Nxh5 Qh7 23. Ng3 Rg8 24. Qf4 Nxg3 25. fxg3 Rf8 26. Qe3 c5 27. c3 Qf5 28. Rf1 Qg4 29. Nh2 Rxf1+ 30. Nxf1 Qf5 31. Nd2 Qxe5 32. Qf2 b6 33. Kc2 c4 34. b4 cxb3+ 35. axb3 Kb7 36. g4 Nf6 37. Qh4 Qf4 38. b4 Kc6 39. Qh8 Nd7 40. Qg8 Kd6 41. g5 Qf8 42. Qh7 Qf5+ 43. Qxf5 exf5 44. Kd3 a5 45. bxa5 bxa5 46. c4 Ne5+ 47. Kd4 Nxc4 48. g6 Ke6 49. Nb3 f4 50. g7 Kf7 51. Kxd5 a4 52. Nd4 f3 53. Nxf3 a3 54. Nd4 a2 55. Nb3 1/2-1/2

[Event "Nizhnij Novgorod Dubinin Memorial 16th"]
[Site "Nizhnij Novgorod"]
[Date "2009.01.10"]
[Round "8"]
[White "Kotov, Dmitry"]
[Black "Marsak, Viktor D"]
[Result "1/2-1/2"]
[WhiteElo "2129"]
[BlackElo "2043"]
[PlyCount "30"]
[EventDate "2009.01.03"]
[EventType "swiss"]
[EventRounds "9"]
[EventCountry "RUS"]
[SourceTitle "EXT 2010"]
[Source "ChessBase"]
[SourceDate "2010.11.25"]
[SourceVersion "1"]
[SourceVersionDate "2010.11.25"]
[SourceQuality "1"]

1. e4 c5 2. Nf3 Nc6 3. d4 cxd4 4. Nxd4 Nf6 5. Nc3 g6 6. Nxc6 bxc6 7. e5 Nh5 8. Be2 Ng7 9. 0-0 Ne6 10. f4 Bg7 11. f5 gxf5 12. Rxf5 Qb6+ 13. Kh1 Qd4 14. Qf1 0-0 15. Bh5 f6 1/2-1/2

[Event "Nizhnij Novgorod Dubinin Memorial 16th"]
[Site "Nizhnij Novgorod"]
[Date "2009.01.04"]
[Round "2"]
[White "Gorozhanin, Mikhail"]
[Black "Kotov, Dmitry"]
[Result "0-1"]
[WhiteElo "1789"]
[BlackElo "2129"]
[PlyCount "40"]
[EventDate "2009.01.03"]
[EventType "swiss"]
[EventRounds "9"]
[EventCountry "RUS"]
[SourceTitle "EXT 2010"]
[Source "ChessBase"]
[SourceDate "2010.11.25"]
[SourceVersion "1"]
[SourceVersionDate "2010.11.25"]
[SourceQuality "1"]

1. d4 d5 2. c4 c6 3. e3 Nf6 4. Nc3 e6 5. Nf3 Nbd7 6. Qc2 Bb4 7. Be2 0-0 8. 0-0 Re8 9. cxd5 exd5 10. a3 Bd6 11. Bd3 Nf8 12. e4 dxe4 13. Nxe4 Nxe4 14. Bxe4 Bg4 15. Ng5 g6 16. h3 Bc8 17. Bf3 Ne6 18. Nxe6 Bxe6 19. Rd1 Bf5 20. Qc3 Qf6 0-1

[Event "Kostroma Volga Cup op"]
[Site "Kostroma"]
[Date "2008.07.??"]
[Round "4"]
[White "Gvanceladze, Anna"]
[Black "Kotov, Dmitry"]
[Result "1/2-1/2"]
[WhiteElo "2017"]
[BlackElo "2165"]
[PlyCount "81"]
[EventDate "2008.07.??"]
[EventType "swiss"]
[EventRounds "9"]
[EventCountry "RUS"]
[SourceTitle "EXT 2009"]
[Source "ChessBase"]
[SourceDate "2008.11.26"]
[SourceVersion "1"]
[SourceVersionDate "2008.11.26"]
[SourceQuality "1"]

1. e4 c6 2. d4 d5 3. Nd2 dxe4 4. Nxe4 Nd7 5. Nf3 Ngf6 6. Ng3 e6 7. Bd3 Be7 8. 0-0 0-0 9. c3 b6 10. Qe2 Bb7 11. Ng5 g6 12. N5e4 Nxe4 13. Nxe4 Re8 14. Bf4 Nf6 15. Rad1 Nxe4 16. Bxe4 Bd6 17. Bxd6 Qxd6 18. f4 Rad8 19. h4 Qe7 20. h5 Qh4 21. hxg6 hxg6 22. Qf2 Qe7 23. Qe3 Kg7 24. Kf2 Rh8 25. Rh1 Rdg8 26. b4 a5 27. bxa5 bxa5 28. Rb1 Ba8 29. Bf3 f6 30. Rhe1 Re8 31. c4 Kf7 32. c5 Rb8 33. Be2 Rxb1 34. Rxb1 Bb7 35. Bc4 Bc8 36. Re1 Re8 37. Rh1 Rg8 38. g4 Qb7 39. Rh7+ Rg7 40. Rxg7+ Kxg7 41. Bxe6 1/2-1/2

[Event "Kostroma Volga Cup op"]
[Site "Kostroma"]
[Date "2008.07.??"]
[Round "8"]
[White "Zimenko, Boris"]
[Black "Kotov, Dmitry"]
[Result "0-1"]
[WhiteElo "2054"]
[BlackElo "2165"]
[PlyCount "40"]
[EventDate "2008.07.??"]
[EventType "swiss"]
[EventRounds "9"]
[EventCountry "RUS"]
[SourceTitle "EXT 2009"]
[Source "ChessBase"]
[SourceDate "2008.11.26"]
[SourceVersion "1"]
[SourceVersionDate "2008.11.26"]
[SourceQuality "1"]

1. e4 c6 2. c4 d5 3. cxd5 cxd5 4. exd5 Nf6 5. Qa4+ Nbd7 6. Nc3 g6 7. Nf3 Bg7 8. Bc4 0-0 9. 0-0 Nb6 10. Qb3 Nxc4 11. Qxc4 a6 12. Qa4 b5 13. Qb3 b4 14. Qa4 Bd7 15. Qxb4 a5 16. Qb7 Bc8 17. Qb6 Nd7 18. Qc6 Rb8 19. Qa4 Bb7 20. d6 exd6 0-1

[Event "Nizhnij Novgorod Dubinin Memorial 15th"]
[Site "Nizhnij Novgorod"]
[Date "2008.01.??"]
[Round "?"]
[White "Kotov, Dmitry"]
[Black "Dudukin, Ilya"]
[Result "1-0"]
[WhiteElo "2133"]
[BlackElo "2430"]
[PlyCount "39"]
[EventDate "2008.01.??"]
[EventType "swiss"]
[EventRounds "9"]
[EventCountry "RUS"]
[SourceTitle "CBM 122 Extra"]
[Source "ChessBase"]
[SourceDate "2008.03.04"]
[SourceVersion "1"]
[SourceVersionDate "2008.03.04"]
[SourceQuality "1"]

1. e4 c6 2. d4 d5 3. Nd2 dxe4 4. Nxe4 Nd7 5. Nf3 Ngf6 6. Nxf6+ Nxf6 7. Ne5 Be6 8. Be2 g6 9. 0-0 Bg7 10. Re1 0-0 11. c3 a5 12. Bf3 a4 13. Qe2 Qa5 14. Bd2 Rfd8 15. h4 Qb6 16. h5 Bd5 17. hxg6 hxg6 18. Bxd5 cxd5 19. Bg5 Ne4 20. Bxe7 1-0

[Event "Nizhnij Novgorod Dubinin Memorial 15th"]
[Site "Nizhnij Novgorod"]
[Date "2008.01.??"]
[Round "?"]
[White "Kotov, Dmitry"]
[Black "Rakov, Anatoly"]
[Result "1-0"]
[WhiteElo "2133"]
[BlackElo "2067"]
[PlyCount "55"]
[EventDate "2008.01.??"]
[EventType "swiss"]
[EventRounds "9"]
[EventCountry "RUS"]
[SourceTitle "CBM 122 Extra"]
[Source "ChessBase"]
[SourceDate "2008.03.04"]
[SourceVersion "1"]
[SourceVersionDate "2008.03.04"]
[SourceQuality "1"]

1. e4 c5 2. Nf3 d6 3. d4 cxd4 4. Nxd4 Nf6 5. f3 g6 6. c4 Nc6 7. Nc3 Qb6 8. Be3 e5 9. Nc2 Qa5 10. a3 Qd8 11. Qd2 Be7 12. Rd1 a6 13. Bh6 Rg8 14. Bg5 Be6 15. Bxf6 Bxf6 16. Qxd6 Qb6 17. Qd2 Bd8 18. b4 Qc7 19. Nd5 Qd7 20. Qh6 f5 21. exf5 Bxf5 22. Bd3 Bxd3 23. Rxd3 Qf5 24. Qd2 Bg5 25. Nc7+ Kf8 26. Qxg5 Rc8 27. Qxf5+ gxf5 28. Nd5 1-0

[Event "Nizhnij Novgorod Dubinin Memorial 15th"]
[Site "Nizhnij Novgorod"]
[Date "2008.01.??"]
[Round "?"]
[White "Kozyrev, Daniil"]
[Black "Kotov, Dmitry"]
[Result "0-1"]
[WhiteElo "2199"]
[BlackElo "2133"]
[PlyCount "52"]
[EventDate "2008.01.??"]
[EventType "swiss"]
[EventRounds "9"]
[EventCountry "RUS"]
[SourceTitle "CBM 122 Extra"]
[Source "ChessBase"]
[SourceDate "2008.03.04"]
[SourceVersion "1"]
[SourceVersionDate "2008.03.04"]
[SourceQuality "1"]

1. e4 c6 2. d4 d5 3. Nc3 dxe4 4. Nxe4 Nd7 5. Nf3 Ngf6 6. Ng3 e6 7. Bd3 Bd6 8. 0-0 0-0 9. Re1 Qc7 10. c3 c5 11. Qe2 b6 12. Ne5 Bb7 13. Nh5 Nxh5 14. Qxh5 g6 15. Qe2 cxd4 16. cxd4 Nxe5 17. dxe5 Qc6 18. Qg4 Bc5 19. Bg5 Rfe8 20. Bf6 Qd5 21. Be4 Qd4 22. Qh4 Bxe4 23. Rxe4 Qd2 24. Rae1 Bf8 25. Rf1 Rac8 26. Re3 Rc1 0-1